| 000 | 00870nmm a2200277 a 4500 | ||
|---|---|---|---|
| 001 | ocm000592906 | ||
| 003 | TR-IsHL | ||
| 005 | 20201028122907.0 | ||
| 008 | 110704s2009 tu tur | ||
| 007 | cr cn | ||
| 020 | _a9786054200610 | ||
| 035 |
_a592906 _b(N$T) |
||
| 050 | 0 | 4 |
_aPL223.R44 _bÇ48 2009 |
| 090 | 0 | 4 |
_aPL223.R44 _bÇ48 2009 |
| 100 | 1 | _aÇetinoğlu, Oğuz | |
| 245 | 1 | 0 |
_aOkyanusa açılan kapılar _h[electronic resource] / _cOğuz Çetinoğlu |
| 250 | _a1. bs. | ||
| 260 |
_aİstanbul : _bBilgeoğuz Yayınları, _c2009 |
||
| 300 | _a590 p. | ||
| 650 | 4 | _aGenel Çalışmalar | |
| 650 | 4 | _aGeneral Works | |
| 650 | 0 | _aRöportajlar, Türk | |
| 650 | 0 | _aInterviews, Turkey | |
| 650 | 7 |
_aLITERARY COLLECTIONS / Middle Eastern _2bisacsh |
|
| 856 | 4 | 0 | _uhttp://search.ebscohost.com/login.aspx?direct=true&scope=site&db=e011xww&AN=592906 |
| 999 |
_c2113 _d2113 |
||